000 01117nam0a22002771 4500
001 rc\3967364
005 20250611041415.0
021 _aRU
_b[56-24370]
035 _a(NLR Aleph) 008053891
090 _a8959312
_c8959312
100 _a20130415d1956 |||y0rusy50 ca
101 0 _arus
102 _aRU
105 _aa z |||||
200 1 _aВведение в динамику автоматического регулирования электрических машин
_fАкад. наук СССР. Ин-т автоматики и телемеханики
210 _aМосква
_cИзд-во Акад. наук СССР
_d1956
215 _a418 с.
_cчерт.
_d27
320 _aБиблиогр.: с. 411-414
606 _aЭлектрические машины
_xАвтоматическое регулирование
_2psbo
700 1 _4070
_7ca
_8rus
_aМееров
_bМ. В.
_f1911-2004
_gМихаил Владимирович
_9271767
_3RU\NLR\AUTH\770271823
801 0 _aRU
_bNLR
_gpsbo
801 1 _aRU
_bELAR
_2rusmarc
852 _aNLR
_jТ20 Г-7/174
942 _cBOOK
980 _aNB